Avtomatizacija organizacionnogo projektirovanija
Uložené v:
| Hlavný autor: | |
|---|---|
| Médium: | Kniha |
| Jazyk: | Russian |
| Vydavateľské údaje: |
Leningrad
Mašinostrojenije
1989
|
| Vydanie: | 1. izd. |
| Tagy: |
Žiadne tagy, Buďte prvý, kto otaguje tento záznam!
|
MARC
| LEADER | 00000nam a2200000 4500 | ||
|---|---|---|---|
| 001 | c030593 | ||
| 005 | 20221215133431.2 | ||
| 041 | 0 | |a rus | |
| 044 | |a RU | ||
| 245 | 1 | 0 | |a Avtomatizacija organizacionnogo projektirovanija |c Leonid Anatol'jevič Bazilevič |
| 250 | |a 1. izd. | ||
| 264 | 1 | |a Leningrad |b Mašinostrojenije |c 1989 | |
| 300 | |a 175 s. | ||
| 100 | 1 | |a Bazilevič, Leonid Anatol'jevič | |